[Event "45th World Open"]
[Site "Philadelphia"]
[Date "2017.07.04"]
[Round "8"]
[White "Belliard, Luis"]
[Black "Aaron, Deepak"]
[Result "1/2-1/2"]
[WhiteElo "2126"]
[BlackElo "2321"]
[PlyCount "116"]
[EventDate "2017.07.??"]
[EventType "swiss"]
[EventRounds "9"]
[EventCountry "USA"]

1. d4 Nf6 2. Nf3 e6 3. Bg5 c5 4. e3 Qb6 5. Qc1 Nc6 6. Bxf6 gxf6 7. c3 d5 8.
Nbd2 Bd7 9. Nb3 cxd4 10. exd4 e5 11. dxe5 fxe5 12. Qg5 Qd8 13. Qh5 Qf6 14. Bb5
O-O-O 15. O-O-O Bf5 16. Nh4 Bh6+ 17. Nd2 Be6 18. g3 Rhg8 19. Qe2 Na5 20. Kb1 a6
21. Bd3 e4 22. Bc2 Rd6 23. Nxe4 dxe4 24. Rxd6 Bxa2+ 25. Kxa2 Qxd6 26. Qxe4 Qe6+
27. Qxe6+ fxe6 28. Re1 Rd8 29. Rxe6 Bg7 30. Re2 h6 31. f4 Nc4 32. Nf5 Bf8 33.
Bb3 Nd6 34. Nd4 a5 35. Re5 b5 36. Nxb5 Nxb5 37. Rxb5 Rd2 38. Rxa5 Bg7 39. h3
Rd3 40. g4 Rxh3 41. Ra7 Bf6 42. g5 hxg5 43. Rf7 Rh6 44. fxg5 Bxg5 45. Rf5 Bc1
46. Rf1 Be3 47. Bd5 Rd6 48. c4 Ra6+ 49. Kb1 Bd4 50. Rf4 Be5 51. Re4 Bd6 52. Re6
Rb6 53. Kc2 Kc7 54. Rg6 Be5 55. Rxb6 Kxb6 56. b4 Bd6 57. Kc3 Bf8 58. Kb3 Be7
1/2-1/2

[Event "45th World Open"]
[Site "Philadelphia"]
[Date "2017.07.04"]
[Round "8"]
[White "Copeland, Samuel"]
[Black "Niemann, Hans"]
[Result "1-0"]
[WhiteElo "2118"]
[BlackElo "2282"]
[PlyCount "83"]
[EventDate "2017.07.??"]
[EventType "swiss"]
[EventRounds "9"]
[EventCountry "USA"]

1. e4 e6 2. d4 d5 3. e5 c5 4. c3 Nc6 5. Nf3 Bd7 6. Be2 Qb6 7. O-O Rc8 8. a3 c4
9. Nbd2 Na5 10. Ng5 g6 11. f4 h6 12. Nh3 h5 13. Nf3 Nh6 14. Nh4 Be7 15. Ng5 Nb3
16. Rb1 Nxc1 17. Qxc1 Qd8 18. Bd1 O-O 19. Bc2 Kg7 20. Rf3 Bxg5 21. fxg5 Nf5 22.
g3 Qe7 23. Ng2 Rh8 24. Qd2 Rh7 25. Rbf1 Rch8 26. Nf4 Bc6 27. Bxf5 exf5 28. h4
Re8 29. Re1 Rhh8 30. Rfe3 Rhf8 31. Qe2 b5 32. e6 f6 33. gxf6+ Rxf6 34. Re5 Rd8
35. Qe3 Rd6 36. Rf1 Kf8 37. Nxg6+ Rxg6 38. Rexf5+ Kg8 39. Rf8+ Qxf8 40. Rxf8+
Kxf8 41. Qf4+ Ke7 42. Qf7+ 1-0

[Event "45th World Open"]
[Site "Philadelphia"]
[Date "2017.07.04"]
[Round "8"]
[White "Drake, Jason"]
[Black "Kretchetov, Alexander"]
[Result "0-1"]
[WhiteElo "2104"]
[BlackElo "2263"]
[PlyCount "54"]
[EventDate "2017.07.??"]
[EventType "swiss"]
[EventRounds "9"]
[EventCountry "USA"]

1. d4 d5 2. c4 c6 3. Nc3 Nf6 4. e3 g6 5. Nf3 Bg7 6. Be2 O-O 7. O-O e6 8. b4
Nbd7 9. Bb2 Re8 10. Qb3 Nb6 11. cxd5 exd5 12. b5 Be6 13. Rfd1 cxb5 14. Bxb5 Re7
15. a4 Nc4 16. Bxc4 dxc4 17. Qa2 Nd5 18. Ng5 Bg4 19. Rdc1 Rc7 20. Nge4 Nb4 21.
Qb1 Nd3 22. Rc2 Bf5 23. Qd1 a6 24. Nd2 b5 25. axb5 axb5 26. Nxb5 Rb7 27. Nd6
Nxb2 0-1

[Event "45th World Open"]
[Site "Philadelphia"]
[Date "2017.07.04"]
[Round "8"]
[White "Nguyen, Tan"]
[Black "Sena, Juan"]
[Result "1-0"]
[WhiteElo "1949"]
[BlackElo "2073"]
[PlyCount "85"]
[EventDate "2017.07.??"]
[EventType "swiss"]
[EventRounds "9"]
[EventCountry "USA"]

1. d4 Nf6 2. c4 d6 3. Nc3 Nbd7 4. Nf3 e5 5. dxe5 dxe5 6. a3 a5 7. Rg1 c6 8. g4
Qc7 9. g5 Nh5 10. e3 Nc5 11. Nd2 g6 12. b3 Bf5 13. Bb2 Rd8 14. b4 Nd3+ 15. Bxd3
Bxd3 16. Qa4 axb4 17. Nd5 Qb8 18. axb4 b5 19. Qa6 Qc8 20. Bxe5 Bg7 21. Bxg7
Nxg7 22. Nf6+ Kf8 23. Qb6 Ne6 24. c5 Kg7 25. Nf3 h6 26. h4 hxg5 27. hxg5 Rh3
28. Ne5 Nxg5 29. O-O-O Kxf6 30. Nxc6 Ne6 31. Nxd8 Qa8 32. Nxe6 fxe6 33. Rxd3
Qa1+ 34. Kd2 Qb2+ 35. Kd1 Qb1+ 36. Ke2 Qc2+ 37. Rd2 Qc4+ 38. Kd1 Rh8 39. Qd6
Ra8 40. Qf4+ Qxf4 41. exf4 Ra1+ 42. Kc2 Rxg1 43. c6 1-0

[Event "45th World Open"]
[Site "Philadelphia"]
[Date "2017.07.04"]
[Round "9.1"]
[White "Abdumalik, Zhansaya"]
[Black "Xiong, Jeffrey"]
[Result "1/2-1/2"]
[WhiteElo "2397"]
[BlackElo "2658"]
[PlyCount "72"]
[EventDate "2017.07.??"]
[EventType "swiss"]
[EventRounds "9"]
[EventCountry "USA"]
[WhiteClock "0:12:17"]
[BlackClock "0:13:21"]

1. e4 c5 2. Nf3 d6 3. d4 Nf6 4. Nc3 cxd4 5. Nxd4 a6 6. h3 e5 7. Nde2 h5 8. g3
Be6 9. Bg2 b5 10. Bg5 Nbd7 11. a4 b4 12. Nd5 Bxd5 13. exd5 Be7 14. O-O O-O 15.
Qd2 a5 16. Be3 Qb8 17. f4 Bd8 18. fxe5 dxe5 19. c3 Bb6 20. Kh1 Bxe3 21. Qxe3
Rc8 22. Rfd1 Ra6 23. Rac1 Rb6 24. c4 Qd6 25. b3 Nc5 26. Rf1 Nfd7 27. h4 Qh6 28.
Qxh6 Rxh6 29. Bh3 Rd8 30. Bxd7 Rxd7 31. Rf3 Rg6 32. Rd1 Rg4 33. Kg2 Rd6 34. Re3
Re4 35. Rxe4 Nxe4 36. Nc1 Nc5 1/2-1/2

[Event "45th World Open"]
[Site "Philadelphia"]
[Date "2017.07.04"]
[Round "9.2"]
[White "Petrosian, Tigran"]
[Black "Barbosa, Oliver"]
[Result "1-0"]
[WhiteElo "2595"]
[BlackElo "2511"]
[PlyCount "93"]
[EventDate "2017.07.??"]
[EventType "swiss"]
[EventRounds "9"]
[EventCountry "USA"]
[WhiteClock "0:08:34"]
[BlackClock "0:26:47"]

1. Nf3 d5 2. g3 Nf6 3. Bg2 c6 4. c4 Bg4 5. Ne5 Be6 6. O-O Nbd7 7. cxd5 Bxd5 8.
Nf3 c5 9. Nc3 Bc6 10. Re1 a6 11. e4 e5 12. d3 Be7 13. a4 b5 14. Nh4 g6 15. Bh6
b4 16. Nd5 Bf8 17. Qd2 Ng4 18. Bxf8 Nxf8 19. d4 cxd4 20. Rac1 Bxd5 21. exd5 Nd7
22. Qxd4 h5 23. Qxb4 Rb8 24. Qa3 Qe7 25. Qxe7+ Kxe7 26. f4 Rb3 27. Nf3 f6 28.
Nh4 Kf7 29. d6 Rb6 30. h3 Nh6 31. Be4 Rxd6 32. Bxg6+ Ke7 33. Bxh5 Rg8 34. g4
Rd3 35. Ng6+ Kd8 36. fxe5 fxe5 37. Rcd1 Rxh3 38. Nxe5 Rxh5 39. Rxd7+ Ke8 40.
Rd2 Rh3 41. Nf3+ Kf7 42. Kg2 Rh5 43. Rd7+ Kf6 44. g5+ Rhxg5+ 45. Nxg5 Rxg5+ 46.
Kf1 Nf7 47. Re2 1-0

[Event "45th World Open"]
[Site "Philadelphia"]
[Date "2017.07.04"]
[Round "9.3"]
[White "Hernandez, Holden"]
[Black "Le, Liem"]
[Result "0-1"]
[WhiteElo "2510"]
[BlackElo "2726"]
[PlyCount "148"]
[EventDate "2017.07.??"]
[EventType "swiss"]
[EventRounds "9"]
[EventCountry "USA"]
[WhiteClock "0:02:42"]
[BlackClock "0:10:31"]

1. d4 Nf6 2. c4 e6 3. Nf3 d5 4. Nc3 Bb4 5. Qa4+ Nc6 6. e3 O-O 7. Bd2 a6 8. c5
Bd7 9. Qc2 b6 10. cxb6 cxb6 11. Be2 Qb8 12. O-O Rc8 13. Rfc1 Na5 14. Qd1 Bd6
15. Rc2 Nc4 16. Be1 b5 17. Rac1 Ra7 18. Bd3 Rac7 19. Qe2 a5 20. Nb1 a4 21. b3
a3 22. h3 h6 23. Ne5 Nxe5 24. dxe5 Bxe5 25. Nxa3 b4 26. Rxc7 Bxc7 27. Nc2 Bh2+
28. Kh1 Bd6 29. Rd1 e5 30. e4 d4 31. Bc4 Bc6 32. f3 Nh5 33. Qd2 Bb5 34. Rb1
Bxc4 35. bxc4 Rxc4 36. Nxb4 Nf4 37. Rb2 Qc7 38. Nd3 Ba3 39. Rb3 Rc2 40. Qa5
Qxa5 41. Bxa5 Nxd3 42. Rxd3 Rxa2 43. Bc7 f6 44. f4 Bc1 45. fxe5 Bf4 46. Kg1 Re2
47. Ba5 Bxe5 48. Bd2 h5 49. Kf1 Rxe4 50. Kf2 f5 51. Kf3 Bf6 52. Ra3 g5 53. g4
hxg4+ 54. hxg4 Rxg4 55. Ra5 Rg1 56. Rxf5 Be7 57. Kf2 Rh1 58. Kg2 Rh5 59. Rd5
Bf6 60. Kf3 Kf7 61. Ke4 Kg6 62. Be1 Rh2 63. Kf3 Kf7 64. Bg3 Ra2 65. Kg4 Kg6 66.
Be5 Bxe5 67. Rxe5 Rg2+ 68. Kf3 Rh2 69. Rd5 Rh4 70. Rd6+ Kf5 71. Rd5+ Kf6 72.
Kg3 Rf4 73. Kh3 Ke6 74. Rxg5 d3 0-1

[Event "45th World Open"]
[Site "Philadelphia"]
[Date "2017.07.04"]
[Round "9.4"]
[White "Perez, Yuniesky"]
[Black "Gorovets, Andrey"]
[Result "1-0"]
[WhiteElo "2624"]
[BlackElo "2524"]
[PlyCount "101"]
[EventDate "2017.07.??"]
[EventType "swiss"]
[EventRounds "9"]
[EventCountry "USA"]
[WhiteClock "0:30:09"]
[BlackClock "0:19:57"]

1. e4 d5 2. exd5 Qxd5 3. Nc3 Qa5 4. d4 Nf6 5. Nf3 c6 6. Bc4 Bf5 7. Bd2 e6 8.
Nd5 Qd8 9. Nxf6+ gxf6 10. O-O Nd7 11. Re1 Qc7 12. Nh4 Bg6 13. Bb3 O-O-O 14. Qe2
Bd6 15. g3 f5 16. Ng2 Rhg8 17. Bg5 Rde8 18. Kh1 h5 19. h4 f6 20. Bf4 Bf7 21.
Rad1 Rg4 22. Qf3 Nf8 23. Bxd6 Qxd6 24. Ne3 Re4 25. c3 Ng6 26. Kg1 Nxh4 27. gxh4
Rxh4 28. Kf1 Rf4 29. Qh3 h4 30. Rd2 Rg8 31. Qh2 Qc7 32. c4 e5 33. c5 Bxb3 34.
axb3 Rd8 35. dxe5 fxe5 36. Rxd8+ Qxd8 37. Rd1 Rd4 38. Rxd4 Qxd4 39. Qh3 Qxc5
40. Qxf5+ Kc7 41. Nc4 b5 42. Qxe5+ Qxe5 43. Nxe5 c5 44. Ng6 h3 45. Nf4 c4 46.
bxc4 h2 47. Kg2 bxc4 48. Kxh2 Kd6 49. Ne2 Kc5 50. f4 a5 51. f5 1-0

[Event "45th World Open"]
[Site "Philadelphia"]
[Date "2017.07.04"]
[Round "9"]
[White "Stukopin, Andrey"]
[Black "Brown, Michael"]
[Result "1-0"]
[WhiteElo "2577"]
[BlackElo "2489"]
[PlyCount "132"]
[EventDate "2017.07.??"]
[EventType "swiss"]
[EventRounds "9"]
[EventCountry "USA"]

1. e4 e5 2. Nf3 Nc6 3. Nc3 Nf6 4. Bb5 Bd6 5. d3 h6 6. a3 O-O 7. O-O a6 8. Bc4
Re8 9. Be3 Bf8 10. Nh4 d6 11. Ng6 Be6 12. Nxf8 Kxf8 13. Bxe6 Rxe6 14. f4 exf4
15. Bxf4 Ne5 16. Bg3 Ng6 17. Qf3 c6 18. Kh1 Qb6 19. Ne2 Rae8 20. Bf2 c5 21. b4
Qc6 22. bxc5 dxc5 23. h3 Kg8 24. Ng3 Ne5 25. Qe3 Nfd7 26. a4 b6 27. Nf5 Ng6 28.
Qg3 Nf6 29. Be1 Rd8 30. Bc3 Rd7 31. Bxf6 Rxf6 32. h4 h5 33. Qg5 Qc7 34. Qxh5
Ne5 35. Qg5 Rg6 36. Qf4 f6 37. Rg1 Nxd3 38. Qxc7 Nf2+ 39. Kh2 Rxc7 40. Rab1
Ng4+ 41. Kg3 Ne5+ 42. Kh3 Rg4 43. Rge1 Rf4 44. Rxb6 g6 45. Rxf6 gxf5 46. Rxf5
Rxf5 47. exf5 Nc6 48. g4 Kf7 49. h5 Nd4 50. c3 Nf3 51. Re3 Ng5+ 52. Kh4 Kf6 53.
Rd3 Ne4 54. h6 Rb7 55. Re3 Ng5 56. Re8 Rb1 57. Rf8+ Nf7 58. g5+ Ke7 59. Rg8
Rh1+ 60. Kg3 Rg1+ 61. Kf4 Rf1+ 62. Ke3 Rh1 63. Ke4 Rh5 64. f6+ Kd7 65. g6 Rh4+
66. Ke3 Rh3+ 1-0

[Event "45th World Open"]
[Site "Philadelphia"]
[Date "2017.07.04"]
[Round "9"]
[White "Nyzhnyk, Illia"]
[Black "Burke, John"]
[Result "1-0"]
[WhiteElo "2612"]
[BlackElo "2489"]
[PlyCount "81"]
[EventDate "2017.07.??"]
[EventType "swiss"]
[EventRounds "9"]
[EventCountry "USA"]

1. c4 e5 2. Nc3 Nf6 3. Nf3 Nc6 4. e3 Bb4 5. Qc2 Bxc3 6. bxc3 d6 7. e4 O-O 8.
Be2 Ne7 9. O-O Ng6 10. d3 h6 11. Re1 Re8 12. h3 c6 13. Bf1 d5 14. cxd5 cxd5 15.
exd5 Nxd5 16. d4 e4 17. Nh2 f5 18. c4 Nf6 19. d5 f4 20. Bb2 Bf5 21. Nf3 Qd7 22.
Nd4 Nh4 23. Rad1 f3 24. Nxf5 Qxf5 25. Bxf6 Nxg2 26. Bc3 Rad8 27. Kh2 Rd6 28.
Bxg2 Rg6 29. Rg1 Qf4+ 30. Kh1 fxg2+ 31. Rxg2 Rxg2 32. Kxg2 Qf3+ 33. Kh2 Qf4+
34. Kg1 Qg5+ 35. Kh1 Qf5 36. Re1 Qxh3+ 37. Kg1 e3 38. f4 e2 39. Qg6 Re7 40. Be5
Qe3+ 41. Kg2 1-0

[Event "45th World Open"]
[Site "Philadelphia"]
[Date "2017.07.04"]
[Round "9"]
[White "Garcia, Jan"]
[Black "Zherebukh, Yaroslav"]
[Result "1/2-1/2"]
[WhiteElo "2436"]
[BlackElo "2642"]
[PlyCount "25"]
[EventDate "2017.07.??"]
[EventType "swiss"]
[EventRounds "9"]
[EventCountry "USA"]

1. c4 Nf6 2. Nc3 d5 3. cxd5 Nxd5 4. Nf3 g6 5. e4 Nxc3 6. dxc3 Qxd1+ 7. Kxd1 Bg7
8. Be3 Nd7 9. Kc2 b6 10. a4 Bb7 11. Nd2 a6 12. f3 O-O 13. Bc4 1/2-1/2

[Event "45th World Open"]
[Site "Philadelphia"]
[Date "2017.07.04"]
[Round "9"]
[White "Checa, Nicolas"]
[Black "Becerra, Julio"]
[Result "1/2-1/2"]
[WhiteElo "2415"]
[BlackElo "2556"]
[PlyCount "77"]
[EventDate "2017.07.??"]
[EventType "swiss"]
[EventRounds "9"]
[EventCountry "USA"]

1. d4 Nf6 2. c4 g6 3. Nc3 Bg7 4. e4 d6 5. Nf3 O-O 6. Be2 e5 7. O-O Nbd7 8. Be3
c6 9. d5 c5 10. Ne1 Kh8 11. a3 Ng8 12. Qd2 f5 13. exf5 gxf5 14. f4 exf4 15.
Bxf4 Ne5 16. Kh1 a6 17. Nf3 b6 18. Rae1 Ra7 19. b3 Bf6 20. Bd1 Nf7 21. Bc2 Ne7
22. Ng5 Nxg5 23. Bxg5 Nxd5 24. Bxf6+ Nxf6 25. Bxf5 Bxf5 26. Rxf5 Raf7 27. Qb2
Ng4 28. Nd5+ Ne5 29. Rxf7 Rxf7 30. Qe2 Qh4 31. Rf1 b5 32. Rxf7 Nxf7 33. g3 Qd4
34. Qe7 Qd1+ 35. Kg2 Qc2+ 36. Kh3 Qf5+ 37. Kg2 Qc2+ 38. Kh3 Qf5+ 39. Kg2
1/2-1/2

[Event "45th World Open"]
[Site "Philadelphia"]
[Date "2017.07.04"]
[Round "9"]
[White "Bachmann, Axel"]
[Black "Hong, Andrew"]
[Result "1-0"]
[WhiteElo "2653"]
[BlackElo "2383"]
[PlyCount "81"]
[EventDate "2017.07.??"]
[EventType "swiss"]
[EventRounds "9"]
[EventCountry "USA"]

1. d4 d5 2. Bf4 c5 3. e3 Nc6 4. Nf3 Nf6 5. Nbd2 cxd4 6. exd4 Bf5 7. c3 e6 8.
Qb3 Bd6 9. Bxd6 Qxd6 10. Be2 O-O 11. O-O Rab8 12. a4 Rfc8 13. h3 h6 14. Rfe1
Qd8 15. Qa3 Nd7 16. b4 Qf8 17. Qb2 Rc7 18. a5 a6 19. Nb3 Qd6 20. Nc5 Nxc5 21.
bxc5 Qd8 22. Bd1 Re7 23. Qb6 Bd3 24. Re3 Bb5 25. Be2 Bxe2 26. Rxe2 Rc8 27. Ne5
Nxe5 28. Rxe5 Qd7 29. Rb1 Rc7 30. Rbe1 Qa4 31. f4 g6 32. Kh2 Kg7 33. R1e2 Qa3
34. R2e3 Qa4 35. f5 gxf5 36. Rg3+ Kh7 37. Rxd5 f4 38. Rg4 f3 39. Qb1+ Kh8 40.
Qc1 Kh7 41. Rh5 1-0

[Event "45th World Open"]
[Site "Philadelphia"]
[Date "2017.07.04"]
[Round "9"]
[White "Korley, Kassa"]
[Black "Li, Ruifeng"]
[Result "0-1"]
[WhiteElo "2389"]
[BlackElo "2571"]
[PlyCount "74"]
[EventDate "2017.07.??"]
[EventType "swiss"]
[EventRounds "9"]
[EventCountry "USA"]

1. d4 d5 2. Bf4 Nf6 3. e3 e6 4. Nf3 c5 5. c3 Nc6 6. Nbd2 Be7 7. dxc5 Bxc5 8.
Bd3 O-O 9. O-O Bd6 10. Bxd6 Qxd6 11. e4 Rd8 12. Qc2 dxe4 13. Bxe4 Qc7 14. Bd3
h6 15. Ne4 Nd5 16. Rfe1 b6 17. Bf1 Bb7 18. Rad1 Nde7 19. Qe2 Ng6 20. Rxd8+ Rxd8
21. Rd1 Rxd1 22. Qxd1 Nce7 23. Ned2 e5 24. Nc4 Nf5 25. Qe2 f6 26. Qc2 Nfe7 27.
Nfd2 Nf4 28. Ne3 Qc6 29. Nf3 g5 30. a4 Kg7 31. Bb5 Qd6 32. Nd2 a6 33. Bf1 Qc6
34. Kh1 h5 35. f3 Qc5 36. Nd1 g4 37. fxg4 Nh3 0-1

[Event "45th World Open"]
[Site "Philadelphia"]
[Date "2017.07.04"]
[Round "9"]
[White "Williams, Justus"]
[Black "Jayaram, Ashwin"]
[Result "0-1"]
[WhiteElo "2382"]
[BlackElo "2492"]
[PlyCount "123"]
[EventDate "2017.07.??"]
[EventType "swiss"]
[EventRounds "9"]
[EventCountry "USA"]

1. c4 e5 2. g3 Nf6 3. Bg2 Bc5 4. Nc3 O-O 5. e3 d6 6. Nge2 a6 7. O-O Re8 8. d3
Nc6 9. a3 Ba7 10. b4 Rb8 11. Bb2 Bd7 12. Rc1 Ne7 13. d4 Ng6 14. Qc2 h5 15. Rfd1
Qc8 16. c5 exd4 17. exd4 Bh3 18. Ne4 Nh7 19. cxd6 Bxg2 20. Kxg2 Qg4 21. dxc7
Rbc8 22. f4 Rxc7 23. Qxc7 Qxe2+ 24. Nf2 Qxb2 25. Rc2 Qb3 26. d5 Bxf2 27. Kxf2
Nf6 28. d6 Ng4+ 29. Kg1 Qe3+ 30. Kg2 Qe4+ 31. Kg1 Qe3+ 32. Kg2 Qe4+ 33. Kg1 Qf3
34. Rf1 Qe3+ 35. Kh1 Qe4+ 36. Kg1 Qd4+ 37. Kh1 Qe4+ 38. Kg1 Qe3+ 39. Kh1 Qd3
40. Rfc1 Nf8 41. Qxb7 Qxd6 42. Qc6 Qd8 43. Qxa6 Qd5+ 44. Kg1 Qd4+ 45. Kh1 Qe4+
46. Kg1 Qe3+ 47. Kg2 h4 48. Qc6 Re6 49. Qc5 hxg3 50. Qxe3 Nxe3+ 51. Kf3 Nxc2
52. Rxc2 Ra6 53. Ra2 gxh2 54. Kg2 Ne6 55. b5 Nxf4+ 56. Kh1 Ra5 57. Rb2 Rxa3 58.
b6 Ra8 59. b7 Rb8 60. Rc2 Rxb7 61. Rb2 Re7 62. Re2 0-1

[Event "45th World Open"]
[Site "Philadelphia"]
[Date "2017.07.04"]
[Round "9"]
[White "Bryant, John"]
[Black "Chua, Alexander"]
[Result "1-0"]
[WhiteElo "2443"]
[BlackElo "2300"]
[PlyCount "117"]
[EventDate "2017.07.??"]
[EventType "swiss"]
[EventRounds "9"]
[EventCountry "USA"]

1. e4 c6 2. d4 d5 3. Nc3 dxe4 4. Nxe4 Bf5 5. Ng3 Bg6 6. Nf3 e6 7. Bd3 Bxd3 8.
Qxd3 Nf6 9. O-O Nbd7 10. Bf4 Be7 11. Rfd1 O-O 12. c4 Re8 13. Rac1 Qb6 14. Qc2
Bf8 15. c5 Qd8 16. Ng5 h6 17. N5e4 Nxe4 18. Nxe4 Nf6 19. Nd6 Bxd6 20. Bxd6 b5
21. Rd3 Ne4 22. Be5 f6 23. Bf4 Qd5 24. Re1 Ng5 25. b3 Rad8 26. h4 Nf7 27. Bc7
Rd7 28. Bg3 Qf5 29. Qd1 h5 30. b4 Nh6 31. Ra3 Qg4 32. Qxg4 hxg4 33. Ra6 Nf5 34.
Rxc6 Nxd4 35. Ra6 e5 36. Re4 Kf7 37. a4 bxa4 38. Rxa4 Ke6 39. Rxg4 Kd5 40. f3
f5 41. Rg6 Ne2+ 42. Kf2 Nxg3 43. Kxg3 Kc4 44. Rd6 Rf7 45. c6 Ree7 46. Kf2 Kb5
47. Ra5+ Kxb4 48. Rad5 Rf8 49. Rd7 Kc4 50. Rxe7 Kxd5 51. c7 Kd6 52. Rxg7 a5 53.
Rf7 Rh8 54. g3 a4 55. Rxf5 Kxc7 56. Rxe5 Ra8 57. Re2 a3 58. Ra2 Kd6 59. f4 1-0

[Event "45th World Open"]
[Site "Philadelphia"]
[Date "2017.07.04"]
[Round "9"]
[White "Shetty, Atulya"]
[Black "Young, Angelo"]
[Result "0-1"]
[WhiteElo "2422"]
[BlackElo "2283"]
[PlyCount "83"]
[EventDate "2017.07.??"]
[EventType "swiss"]
[EventRounds "9"]
[EventCountry "USA"]

1. c4 Nf6 2. g3 c6 3. Bg2 d5 4. Nf3 g6 5. b3 Bg7 6. Bb2 O-O 7. O-O Re8 8. d3
Nbd7 9. Nc3 a6 10. Rc1 b5 11. cxd5 cxd5 12. e4 Bb7 13. e5 d4 14. Nb1 Ng4 15. e6
fxe6 16. Nxd4 Bxd4 17. Qxg4 Bxg2 18. Bxd4 Bxf1 19. Qxe6+ Kf8 20. Rxf1 Nf6 21.
Bc5 Kg7 22. d4 Qd7 23. Qe3 Rac8 24. b4 Rc6 25. Nc3 Re6 26. Qf3 Rf8 27. Qg2 Kg8
28. d5 Re5 29. f4 Rh5 30. Re1 Re8 31. Re5 Rf5 32. Qf3 Qc7 33. Re1 h5 34. Kg2
Qd7 35. Re5 Ng4 36. Re6 Nf6 37. Rxa6 Nxd5 38. Ne4 Nf6 39. Ng5 Rd5 40. Be3 Rc8
41. Ne4 Rc2+ 42. Bf2 0-1

[Event "45th World Open"]
[Site "Philadelphia"]
[Date "2017.07.04"]
[Round "9"]
[White "Wheeler, Cameron"]
[Black "Flaquer, Luis"]
[Result "1-0"]
[WhiteElo "2407"]
[BlackElo "2208"]
[PlyCount "99"]
[EventDate "2017.07.??"]
[EventType "swiss"]
[EventRounds "9"]
[EventCountry "USA"]

1. d4 Nf6 2. c4 e6 3. Nf3 d5 4. g3 dxc4 5. Bg2 Bd7 6. Ne5 Bc6 7. Nxc6 Nxc6 8.
e3 Nd5 9. O-O Be7 10. Qe2 b5 11. b3 O-O 12. bxc4 bxc4 13. Qxc4 Na5 14. Qa4 c5
15. Bd2 Nb7 16. Nc3 Nb6 17. Qa6 cxd4 18. Qxb7 dxc3 19. Bxc3 Rc8 20. Rfd1 Qc7
21. Qxc7 Rxc7 22. Be5 Rc5 23. Bd4 Ra5 24. Bc3 Ra4 25. Bf1 Bf6 26. Bxf6 gxf6 27.
Bb5 Ra5 28. Bf1 Rc8 29. Rd4 Rc2 30. a4 Rd5 31. a5 Nc8 32. Rxd5 exd5 33. Rb1 Rc7
34. Rb5 Ne7 35. a6 Rc1 36. Rb7 Nc8 37. Rd7 Rc5 38. Bh3 Kg7 39. Be6 Nd6 40. Rxa7
Kg6 41. Bg4 Ne4 42. Ra8 Ra5 43. Bf3 Ra1+ 44. Kg2 Ra2 45. Bxe4+ dxe4 46. g4 f5
47. a7 Kf6 48. g5+ Ke7 49. Kg3 f6 50. Rh8 1-0

[Event "45th World Open"]
[Site "Philadelphia"]
[Date "2017.07.04"]
[Round "9"]
[White "Jacobson, Aaron"]
[Black "Sarkar, Justin"]
[Result "1/2-1/2"]
[WhiteElo "2157"]
[BlackElo "2375"]
[PlyCount "115"]
[EventDate "2017.07.??"]
[EventType "swiss"]
[EventRounds "9"]
[EventCountry "USA"]

1. e4 e6 2. d4 d5 3. Nd2 h6 4. Ngf3 Nf6 5. e5 Nfd7 6. Bd3 c5 7. c3 Nc6 8. b3
Qb6 9. Bb2 a5 10. a3 c4 11. Be2 cxb3 12. a4 Be7 13. Qxb3 Qxb3 14. Nxb3 Nb6 15.
O-O Bd7 16. Nc5 Nb8 17. Nxd7 N8xd7 18. Nd2 O-O 19. f4 Rfc8 20. g3 Rc7 21. h4
Rac8 22. Rfd1 g6 23. h5 gxh5 24. Bxh5 Nc4 25. Nxc4 Rxc4 26. Be2 R4c7 27. Ra2
Nb6 28. Ba1 Nc4 29. Kf2 Rb8 30. Rb1 b6 31. Kf3 f6 32. exf6 Bxf6 33. Bd3 Kf7 34.
Rh2 Bg7 35. g4 Bf8 36. Re2 Rc6 37. Kg3 Bd6 38. Rh2 Kg7 39. g5 hxg5 40. Rh7+ Kf8
41. Rbh1 Bxf4+ 42. Kf3 Nd2+ 43. Kg4 Ne4 44. Bxe4 dxe4 45. Bb2 Rbc8 46. Ba3+ Kg8
47. Rh8+ Kg7 48. R8h7+ Kg8 49. Rh8+ Kg7 50. R1h7+ Kg6 51. Rh6+ Kf7 52. R8h7+
Kg8 53. Kh5 e5 54. Rh8+ Kf7 55. R8h7+ Kg8 56. Rh8+ Kf7 57. R8h7+ Kg8 58. Rh8+
1/2-1/2

[Event "45th World Open"]
[Site "Philadelphia"]
[Date "2017.07.04"]
[Round "9"]
[White "Aaron, Deepak"]
[Black "Copeland, Samuel"]
[Result "1/2-1/2"]
[WhiteElo "2321"]
[BlackElo "2118"]
[PlyCount "58"]
[EventDate "2017.07.??"]
[EventType "swiss"]
[EventRounds "9"]
[EventCountry "USA"]

1. e4 e6 2. d4 d5 3. Nd2 Nf6 4. e5 Nfd7 5. Bd3 c5 6. c3 Nc6 7. Ne2 cxd4 8. cxd4
f6 9. Nf4 Nxd4 10. Qh5+ Ke7 11. Ng6+ hxg6 12. exf6+ Nxf6 13. Qxh8 Kf7 14. O-O
e5 15. Nb3 Nxb3 16. axb3 Bf5 17. Bxf5 gxf5 18. Bg5 Bc5 19. Qh3 Ke6 20. Rae1 Qh8
21. Rxe5+ Kxe5 22. Qc3+ Kd6 23. Bf4+ Kc6 24. b4 Ne4 25. Qe5 Bxf2+ 26. Rxf2 Nxf2
27. Qd6+ Kb5 28. Qc5+ Ka4 29. Qc2+ Kb5 1/2-1/2

[Event "45th World Open"]
[Site "Philadelphia"]
[Date "2017.07.04"]
[Round "9"]
[White "Kretchetov, Alexander"]
[Black "Can, Melih"]
[Result "1-0"]
[WhiteElo "2263"]
[BlackElo "2103"]
[PlyCount "77"]
[EventDate "2017.07.??"]
[EventType "swiss"]
[EventRounds "9"]
[EventCountry "USA"]

1. d4 d5 2. c4 c6 3. Nf3 Nf6 4. e3 a6 5. Bd3 b5 6. b3 Bg4 7. Nbd2 e6 8. Qc2 Bh5
9. Ne5 Nfd7 10. Nef3 Nf6 11. O-O Bg6 12. e4 dxe4 13. Nxe4 Be7 14. Bb2 Nbd7 15.
Ne5 Nxe5 16. dxe5 Nxe4 17. Bxe4 O-O 18. Rfd1 Qb6 19. Bxg6 hxg6 20. a4 Rfd8 21.
axb5 cxb5 22. Kf1 Rxd1+ 23. Rxd1 Rc8 24. Rd7 Rc7 25. Bd4 Qc6 26. Rxc7 Qxc7 27.
c5 Qc6 28. Qc3 Bd8 29. Qf3 Qxf3 30. gxf3 Bc7 31. c6 Kf8 32. Bc5+ Ke8 33. Bd6
Kd8 34. f4 a5 35. Ke2 f6 36. Kd3 g5 37. fxg5 fxe5 38. Bxc7+ Kxc7 39. h4 1-0

[Event "45th World Open"]
[Site "Philadelphia"]
[Date "2017.07.04"]
[Round "9"]
[White "Elezi, Luan"]
[Black "Nguyen, Tan"]
[Result "1-0"]
[WhiteElo "2116"]
[BlackElo "1949"]
[PlyCount "69"]
[EventDate "2017.07.??"]
[EventType "swiss"]
[EventRounds "9"]
[EventCountry "USA"]

1. d4 d6 2. c4 e5 3. dxe5 dxe5 4. Qxd8+ Kxd8 5. a3 Be6 6. e3 Nd7 7. Nf3 f6 8.
Be2 c6 9. O-O Kc7 10. Bd2 Nh6 11. Nc3 Nf7 12. b4 Nd6 13. c5 Nc4 14. Bxc4 Bxc4
15. Rfc1 Be7 16. Na4 Bb3 17. Nb2 Rhd8 18. e4 Nf8 19. Be3 a5 20. Nd2 Bf7 21.
Nbc4 axb4 22. axb4 Bxc4 23. Nxc4 Ne6 24. Kf1 Rxa1 25. Rxa1 Nd4 26. Ra2 Nb5 27.
f3 Rd1+ 28. Kf2 Rh1 29. Nb6 Rd1 30. Bd2 Nd4 31. Ra8 Rxd2+ 32. Ke3 Nf5+ 33. Kxd2
Bxc5 34. bxc5 Ne7 35. Re8 1-0